Rodney Dangerfield Filmography - Statistics

General Stats
  • This quiz has been taken 15 times
    8 since last reset
  • The average score is 30 of 82
Answer Stats
Type Year Name % Correct
Film 1986 Back to School
83%
Film 1980 Caddyshack
83%
Film 1983 Easy Money
83%
Film 1997 Meet Wally Sparks
83%
Film 1992 Ladybugs
67%
TV Show 1979, 1980, 1996 Saturday Night Live
67%
TV Show 1996 The Simpsons
67%
TV Show 1995-2004 The Tonight Show with Jay Leno
67%
Film 2000 Little Nicky
50%
Film 1994 Natural Born Killers
50%
Film 1991 Rover Dangerfield
50%
TV Show 1972 The Dean Martin Show
50%
TV Pilot 1990 ...Where's Rodney?
50%
Film 2005 Angels with Angles
33%
Commercial 1998 Arby's
33%
TV Show 1967 Away We Go
33%
Film 2005 Back by Midnight
33%
TV Film 1977 Benny and Barney: Las Vegas Undercover
33%
Film 1995 Casper
33%
Film 1997 Casper: A Spirited Beginning
33%
TV Show 1970 Comedy Tonight
33%
Music Video 1986 Dancing on the Ceiling
33%
TV Show 1997 Dr. Katz, Professional Therapist
33%
Commercial 2002 GladWare
33%
Short Film 1995 Guide to Golf Style and Etiquette
33%
TV Show 1997 Home Improvement
33%
TV Show 1993 In Living Color
33%
TV Show 1997, 1999 MADtv
33%
Commercial 1977-1986 Miller Lite
33%
Film 1988 Moving
33%
Film 1992 Muscle Rock Madness
33%
Film 2000 My 5 Wives
33%
TV Show 1969 NBC Experiment in Television
33%
TV Show 1997 Night Stand
33%
TV Show 1985 Not Necessarily the News
33%
TV Show 1964 On Broadway Tonight
33%
TV Show 1968 Operation: Entertainment
33%
Commercial 1994 Pepsi
33%
TV Show 2004 Phil of the Future
33%
Short Film 1999 Pirates: 3D Show
33%
Music Video 1984 Rappin' Rodney
33%
Music Video 1986 Rock-A-Lott
33%
TV Special 1985 Rodney Dangerfield: Exposed
33%
TV Film 1992 Rodney Dangerfield: It's Lonely at the Top
33%
TV Special 1986 Rodney Dangerfield: It's Not Easy Bein' Me
33%
TV Film 1988 Rodney Dangerfield: Nothin' Goes Right
33%
Theater 1988 Rodney Dangerfield on Broadway!
33%
TV Film 1997 Rodney Dangerfield's 75th Birthday Toast
33%
Film 1998 Rusty: A Dog's Tale
33%
Film 1997 Sea World and Busch Gardens Adventures: Alien Vacation!
33%
TV Show 1998 Sin City Spectacular
33%
TV Show 2004 Still Standing
33%
TV Show 1996 Suddenly Susan
33%
Music Video 1983 Tell Her About It
33%
TV Show 1968, 1969 That's Life
33%
Film 2002 The 4th Tenor
33%
TV Special 1985 The 9th Annual Young Comedians Special
33%
TV Show 1974 The Dean Martin Comedy World
33%
TV Special 1990 The Earth Day Special
33%
TV Show 1967-1971 The Ed Sullivan Show
33%
TV Film 2003 The Electric Piper
33%
Film 1998 The Godson
33%
TV Show 1976, 1978, 2002 The Hollywood Squares
33%
TV Show 1970 The Jackie Gleason Show
33%
TV Show 1968-1973 The Mike Douglas Show
33%
Film 2008 The Onion Movie
33%
Film 1971 The Projectionist
33%
TV Special 1982 The Rodney Dangerfield Show: It's Not Easy Bein' Me
33%
TV Show 1996 The Single Guy
33%
TV Show 1968 The Steve Allen Show
33%
Music Video 1986 Twist and Shout
33%
Commercial 2000 Wickes Furniture
33%
Music Video 1988 Wild Thing
33%
Commercial 1981 WLS Musicradio 89
33%
Documentary 1986 An Amazin' Era
17%
TV Show 1999 Laugh Factory
17%
TV Show 1978 Live Wednesday
17%
TV Special 1983 Rodney Dangerfield: I Can't Take It No More
17%
TV Special 1989 Rodney Dangerfield: Opening Night at Rodney's Place
17%
TV Special 1991 Rodney Dangerfield's The Really Big Show
17%
Film 2004 Rodney's Act
17%
Film 1956 The Killing
17%
No matching quizzes found
Score Distribution
Percent of People with Each Score
Percentile by Number Answered
Your Score History
You have not taken this quiz since the last reset